000 00432nam a2200193Ia 4500
005 20251020182540.0
008 200515s9999 xx 000 0 und d
082 _a728.86/H21
100 _aHAN, Yeon-Joo
245 0 _aVivienda vernacular en la costa norte del PerĂº
260 _aLima
260 _c2000
300 _a55
500 _a1 ejemplar
650 _aCOSTA
650 _aLIB
650 _aVIVIENDAS
942 _cLIB
999 _c2378
_d2378